Inside organization
| Main Author: | |
|---|---|
| Format: | Book |
| Published: |
London :
BBC ,
c1990
|
| Subjects: |
MARC
| LEADER | 00000cam a2200000 7i4500 | ||
|---|---|---|---|
| 001 | 0000000153 | ||
| 005 | 20050428.0 | ||
| 020 | |||
| 040 | |a INS | ||
| 090 | 0 | 0 | |a HD58.7 |b H2369 1990 |
| 100 | 1 | |a Handy, Charles | |
| 245 | 1 | 0 | |a Inside organization |c Charles Handy |
| 260 | |a London : |b BBC , |c c1990 | ||
| 300 | |a 224p. | ||
| 650 | 0 | 0 | |a Organizational behaviour |
| 999 | |a 0000006506 |b BOOK |c Open Shelf |e Default branch | ||